| 000 | 00811cpcaa22002297a 4500 | ||
|---|---|---|---|
| 001 | mm 78002799 | ||
| 003 | DLC | ||
| 005 | 20260227111619.0 | ||
| 008 | 781215|||||||||||| eng | ||
| 010 | _amm 78002799 | ||
| 040 |
_aDLC _cDLC _edacs _dDLC |
||
| 072 | 7 |
_aW _2lcmd |
|
| 245 | 0 | 0 |
_aBattle of Aquia Creek, Va., reports, _f1861. |
| 300 |
_a5 _fitems. |
||
| 506 | 0 | _aOpen to research. | |
| 546 | _aCollection material in English. | ||
| 580 | _aForms part of: Miscellaneous Manuscripts collection. | ||
| 651 | 0 |
_aAquia Creek (Va.) _xHistory. |
|
| 651 | 0 |
_aVirginia _xHistory _yCivil War, 1861-1865. |
|
| 999 |
_c39589 _d39589 |
||